[Event "BL 8788 Koblenz-Solingen"]
[Site "?"]
[Date "1988.??.??"]
[Round "?.8"]
[White "Fritsche, L."]
[Black "Schneider, B1."]
[Result "0-1"]
[WhiteElo "2300"]
[BlackElo "2335"]
[PlyCount "78"]
[EventDate "1988.??.??"]

1. e4 g6 2. Nf3 Bg7 3. Be2 c6 4. d3 d5 5. Nbd2 Nf6 6. O-O O-O 7. Re1 Nbd7 8.
Bf1 dxe4 9. dxe4 Nc5 10. Qe2 b6 11. Qe3 Qc7 12. Bc4 Ng4 13. Qe2 b5 14. Bb3 a5
15. a3 Nxb3 16. Nxb3 Be6 17. Nbd2 Rad8 18. h3 Ne5 19. Ng5 Bc4 20. Nxc4 Nxc4 21.
Rb1 Qd6 22. Nf3 Qc5 23. Be3 Nxe3 24. Qxe3 Qxc2 25. e5 Rd3 26. Qa7 Rxf3 27. gxf3
Bxe5 28. Qxa5 Bd4 29. Rf1 Bxf2+ 30. Rxf2 Qxb1+ 31. Kg2 Qf5 32. Qc7 Qc5 33. Re2
e6 34. Re4 Qg5+ 35. Kf2 Qd5 36. Rf4 c5 37. Qe7 Qd2+ 38. Kg3 Qe1+ 39. Kg4 h5+
0-1

[Event "BL 8788 Heidelberg-Bochum"]
[Site "?"]
[Date "1988.??.??"]
[Round "?.1"]
[White "Keitlinghaus, L."]
[Black "Ostl, A."]
[Result "1/2-1/2"]
[WhiteElo "2400"]
[BlackElo "2385"]
[PlyCount "97"]
[EventDate "1988.??.??"]

1. e4 c5 2. Nf3 d6 3. d4 cxd4 4. Nxd4 Nf6 5. Nc3 a6 6. Bg5 Nbd7 7. Qe2 b5 8.
O-O-O Bb7 9. f4 Qc7 10. Nd5 Nxd5 11. exd5 Nb6 12. g3 Bxd5 13. Bg2 Bxg2 14. Qxg2
h6 15. Bh4 Rg8 16. f5 g5 17. fxg6 Rxg6 18. Rhf1 Rc8 19. Kb1 Nc4 20. Qf2 Ne5 21.
h3 Qd7 22. g4 e6 23. Ne2 Be7 24. Nf4 Rg7 25. Nh5 Rg6 26. Bg3 Rg5 27. Bf4 Qc6
28. Bxg5 hxg5 29. c3 a5 30. Rde1 Qc5 31. Nf6+ Kd8 32. Qe2 b4 33. cxb4 Qxb4 34.
Ng8 Nc4 35. Ka1 Nd2 36. Nxe7 Rc2 37. Nc6+ Rxc6 38. Rc1 Rb6 39. Rc2 Nxf1 40.
Qxf1 Qf4 41. Qe1 Ke7 42. a3 a4 43. Qa5 Rb7 44. Qa8 Qf1+ 45. Ka2 Qb5 46. Qh8
Qd5+ 47. Kb1 Qe4 48. Qc8 Rb3 49. Qc7+ 1/2-1/2

[Event "BL 8788 Heidelberg-Bochum"]
[Site "?"]
[Date "1988.??.??"]
[Round "?.2"]
[White "Steinbacher, M."]
[Black "Graf, J."]
[Result "0-1"]
[WhiteElo "2260"]
[BlackElo "2405"]
[PlyCount "104"]
[EventDate "1988.??.??"]

1. e4 Nf6 2. d3 d5 3. e5 Nfd7 4. f4 c5 5. g3 Nc6 6. Bg2 e6 7. Nf3 Qc7 8. O-O
Be7 9. c4 Nb6 10. Nc3 dxc4 11. dxc4 Nxc4 12. Qe2 Nb6 13. f5 exf5 14. Nb5 Qb8
15. e6 Bxe6 16. Bf4 Qc8 17. Nc7+ Kf8 18. Nxa8 Qxa8 19. Rac1 h6 20. Rfd1 Nd5 21.
Be5 Kg8 22. b3 Kh7 23. Bb2 Rd8 24. Kh1 Qb8 25. Ne5 Nd4 26. Bxd4 cxd4 27. Rxd4
Bf6 28. Re1 Nc3 29. Rxd8 Qxd8 30. Qd3 Nxa2 31. Qxd8 Bxd8 32. Rd1 Bf6 33. Nd7
Be7 34. Bxb7 Bxb3 35. Re1 Be6 36. Ne5 Bf6 37. Nd3 Bc3 38. Re3 Nb4 39. Nxb4 Bxb4
40. Rd3 a5 41. Bd5 Kg6 42. Bxe6 fxe6 43. Rd7 Kf6 44. Kg2 g5 45. h3 h5 46. Kf3
g4+ 47. hxg4 hxg4+ 48. Ke2 Ke5 49. Kd3 Be1 50. Ke2 Bxg3 51. Ra7 Kf4 52. Rxa5 e5
0-1

[Event "BL 8788 Heidelberg-Bochum"]
[Site "?"]
[Date "1988.??.??"]
[Round "?.3"]
[White "Sonntag, H."]
[Black "Neunhoeffer, H."]
[Result "0-1"]
[WhiteElo "2405"]
[BlackElo "2260"]
[PlyCount "70"]
[EventDate "1988.??.??"]

1. d4 Nf6 2. Nf3 e6 3. Bg5 c5 4. e3 Qb6 5. Nbd2 Qxb2 6. Bxf6 gxf6 7. Bd3 Qc3 8.
O-O d5 9. dxc5 f5 10. Nd4 Nd7 11. Rb1 a6 12. N2b3 Nxc5 13. Nxc5 Qxc5 14. a4 Bd6
15. Qh5 Qc7 16. Rfc1 Ba3 17. Re1 Bc5 18. Rec1 Ba3 19. Re1 b6 20. Qh6 Bc5 21.
Qg7 Rf8 22. f4 Qe7 23. c4 Bb7 24. cxd5 Bxd5 25. Rec1 Kd7 26. Qh6 Rg8 27. g3 Rg6
28. Qh5 Qf6 29. Rxc5 bxc5 30. Nxf5 Qc3 31. Rd1 Kc7 32. Ne7 Rd8 33. Qxh7 Rg7 34.
Nxd5+ exd5 35. Kf2 Rxh7 0-1

[Event "BL 8788 Heidelberg-Bochum"]
[Site "?"]
[Date "1988.??.??"]
[Round "?.4"]
[White "Cicak, S."]
[Black "Beckemeyer, W."]
[Result "0-1"]
[WhiteElo "2290"]
[BlackElo "2335"]
[PlyCount "84"]
[EventDate "1988.??.??"]

1. e4 e5 2. Nf3 Nc6 3. Bb5 a6 4. Ba4 Nf6 5. O-O Nxe4 6. d4 b5 7. Bb3 d5 8. dxe5
Be6 9. Nbd2 Nc5 10. c3 d4 11. cxd4 Nxd4 12. Nxd4 Qxd4 13. Qf3 Rd8 14. Bxe6 Nxe6
15. Qc6+ Qd7 16. Qxa6 Qd5 17. Qa5 Qxe5 18. a4 Be7 19. Nc4 Qc5 20. Qxb5+ Qxb5
21. axb5 Rb8 22. Ne5 Rxb5 23. Ra8+ Bd8 24. f4 Rd5 25. Nc6 O-O 26. f5 Bf6 27.
Ra7 Nd4 28. Rxc7 Re8 29. b4 h5 30. h3 Nxf5 31. g4 hxg4 32. hxg4 Bd4+ 33. Kg2
Nh4+ 34. Kh3 Ng6 35. Rd1 Bb6 36. Rxd5 Bxc7 37. Rd7 Bb6 38. b5 Re1 39. Bd2 Rb1
40. Bb4 Rb3+ 41. Kg2 Nf4+ 42. Kh1 Rh3# 0-1

[Event "BL 8788 Heidelberg-Bochum"]
[Site "?"]
[Date "1988.??.??"]
[Round "?.6"]
[White "Gscheidlen, W."]
[Black "Boesken, C."]
[Result "1/2-1/2"]
[WhiteElo "2205"]
[BlackElo "2250"]
[PlyCount "37"]
[EventDate "1988.??.??"]

1. c4 Nf6 2. Nf3 b6 3. g3 Bb7 4. Bg2 e6 5. O-O Be7 6. b3 O-O 7. Bb2 d5 8. e3
Nbd7 9. Nc3 Ne4 10. Ne2 c5 11. d3 Bf6 12. Qc2 Bxb2 13. Qxb2 Nef6 14. cxd5 Nxd5
15. a3 Qe7 16. Rab1 a5 17. Rfd1 Rfd8 18. d4 N5f6 19. Nc3 1/2-1/2

[Event "BL 8788 Sindelfingen-Porz"]
[Site "?"]
[Date "1988.??.??"]
[Round "?.1"]
[White "Miles, A."]
[Black "Franke, H."]
[Result "0-1"]
[WhiteElo "2585"]
[BlackElo "2350"]
[PlyCount "60"]
[EventDate "1988.??.??"]

1. d4 d5 2. c4 c6 3. Nf3 Nf6 4. Nc3 dxc4 5. a4 Bg4 6. Ne5 Bh5 7. f3 Nfd7 8.
Nxc4 e5 9. Ne4 Bb4+ 10. Bd2 Qe7 11. dxe5 O-O 12. Rc1 Bg6 13. Bxb4 Qxb4+ 14. Qd2
Qxa4 15. Ng3 Nc5 16. e4 Nb3 17. Qd1 b5 18. Nd2 Nxc1 19. Qxc1 Qd4 20. Be2 Qxe5
21. O-O f6 22. Kh1 a5 23. Nb3 a4 24. Nc5 Qe7 25. Nd3 a3 26. bxa3 Qxa3 27. Qe3
Nd7 28. h4 Ne5 29. f4 Nc4 30. Qf2 Nd2 0-1

[Event "BL 8788 Sindelfingen-Porz"]
[Site "?"]
[Date "1988.??.??"]
[Round "?.2"]
[White "Fahnenschmidt, G."]
[Black "Schoen, W."]
[Result "1/2-1/2"]
[WhiteElo "2335"]
[BlackElo "2445"]
[PlyCount "147"]
[EventDate "1988.??.??"]

1. d4 Nf6 2. c4 c6 3. Nc3 d5 4. Nf3 dxc4 5. a4 Bf5 6. e3 e6 7. Bxc4 Bb4 8. O-O
O-O 9. Nh4 Bg4 10. f3 Bh5 11. g4 Bg6 12. Nxg6 hxg6 13. e4 Nbd7 14. Be3 Qe7 15.
Na2 Ba5 16. g5 Ne8 17. f4 Bb6 18. Qf3 c5 19. d5 Nd6 20. b3 exd5 21. Bxd5 Rae8
22. Nc3 Ba5 23. Bd2 Nb6 24. Rae1 Qd7 25. Rd1 Nxe4 26. Bxe4 Qd4+ 27. Kg2 Bxc3
28. Bxc3 Qxe4 29. Qxe4 Rxe4 30. a5 Nc8 31. Rd7 b5 32. Kf3 Rfe8 33. Re1 Rxe1 34.
Bxe1 Rxe1 35. Rd8+ Kh7 36. Rxc8 Ra1 37. Rxc5 Rxa5 38. b4 Ra3+ 39. Ke4 a6 40.
Rc6 Ra4 41. Ke5 Rxb4 42. Rxa6 Rb2 43. Rb6 b4 44. Kd4 b3 45. Kc3 Rf2 46. Rxb3
Rf3+ 47. Kc2 Rxf4 48. Rb7 Kg8 49. Rb8+ Kh7 50. Rb7 Rf2+ 51. Kd3 Rxh2 52. Rxf7
Rg2 53. Ke4 Rxg5 54. Rf1 Rf5 55. Rh1+ Kg8 56. Ra1 Rf2 57. Ke3 Rf6 58. Ke4 g5
59. Rg1 Kh7 60. Rxg5 Kh6 61. Rg1 g5 62. Rh1+ Kg6 63. Rg1 Rf2 64. Ke3 Rf4 65.
Ra1 Kf5 66. Rb1 Kg4 67. Rg1+ Kh5 68. Rh1+ Rh4 69. Ra1 Rh2 70. Kf3 Kh4 71. Ra4+
Kh3 72. Rg4 Rf2+ 73. Kxf2 Kxg4 74. Kg2 1/2-1/2

[Event "BL 8788 Sindelfingen-Porz"]
[Site "?"]
[Date "1988.??.??"]
[Round "?.3"]
[White "Fleck, J."]
[Black "Gruenenwald, J."]
[Result "1/2-1/2"]
[WhiteElo "2385"]
[BlackElo "2330"]
[PlyCount "43"]
[EventDate "1988.??.??"]

1. e4 c5 2. Nf3 d6 3. d4 cxd4 4. Nxd4 Nf6 5. Nc3 a6 6. Be3 e5 7. Nb3 Be6 8. Qd2
Nbd7 9. f3 Be7 10. g4 b5 11. a4 b4 12. Nd5 Bxd5 13. exd5 O-O 14. a5 Nc5 15. Bc4
Rb8 16. h4 Nfd7 17. g5 Nxb3 18. cxb3 f5 19. Ke2 Qc8 20. Bf2 Nc5 21. Bxc5 Qxc5
22. Qe3 1/2-1/2

[Event "BL 8788 Sindelfingen-Porz"]
[Site "?"]
[Date "1988.??.??"]
[Round "?.4"]
[White "Bialas, W."]
[Black "Schulz, K."]
[Result "1/2-1/2"]
[WhiteElo "2360"]
[BlackElo "2405"]
[PlyCount "107"]
[EventDate "1988.??.??"]

1. g3 g6 2. Bg2 Bg7 3. f4 d5 4. Nf3 Nd7 5. d3 e5 6. Nc3 d4 7. Ne4 Ngf6 8. Nxf6+
Bxf6 9. O-O exf4 10. Bxf4 O-O 11. Qd2 Re8 12. c3 dxc3 13. bxc3 c6 14. e4 Qa5
15. Rac1 Ne5 16. Nd4 Qa6 17. Bxe5 Bxe5 18. Nb3 Bg7 19. d4 Qc4 20. Rfe1 b6 21.
Bf1 Qe6 22. c4 c5 23. dxc5 bxc5 24. Qd5 Rb8 25. Qxc5 Bb7 26. Bg2 Qa6 27. Qf2
Rbd8 28. c5 Qa4 29. Qc2 Bc6 30. Rcd1 Rxd1 31. Rxd1 Bxe4 32. Bxe4 Rxe4 33. Rd8+
Re8 34. Rxe8+ Qxe8 35. c6 Qe1+ 36. Kg2 Be5 37. Nc5 h5 38. Ne4 h4 39. g4 Qe3 40.
h3 Qf4 41. Nf2 Bc7 42. Qd3 Qh2+ 43. Kf1 Qf4 44. Kg2 Qe5 45. Ne4 Qh2+ 46. Kf1
Bb6 47. g5 Qe5 48. a4 Qf5+ 49. Ke2 Qe6 50. Qd5 Qxh3 51. Nf6+ Kg7 52. Nh5+ gxh5
53. Qe5+ Kh7 54. Qe4+ 1/2-1/2

[Event "BL 8788 Sindelfingen-Porz"]
[Site "?"]
[Date "1988.??.??"]
[Round "?.5"]
[White "Heinbuch, D."]
[Black "Runau, R."]
[Result "1/2-1/2"]
[WhiteElo "2380"]
[BlackElo "2335"]
[PlyCount "35"]
[EventDate "1988.??.??"]

1. d4 Nf6 2. c4 c5 3. d5 e5 4. Nc3 d6 5. e4 Be7 6. Nf3 Nbd7 7. h3 Nf8 8. g3 Ng6
9. Bg2 Bd7 10. h4 h5 11. Ng5 a6 12. Bf1 Rb8 13. a4 b6 14. Bd3 Kf8 15. Qc2 Ne8
16. f4 Kg8 17. f5 Nf8 18. Be2 {Nicht weiter nachvollziehbar; Remis/66} 1/2-1/2

[Event "BL 8788 Sindelfingen-Porz"]
[Site "?"]
[Date "1988.??.??"]
[Round "?.6"]
[White "Mohr, S."]
[Black "Gerusel, M."]
[Result "1-0"]
[WhiteElo "2325"]
[BlackElo "2380"]
[PlyCount "67"]
[EventDate "1988.??.??"]

1. d4 Nf6 2. c4 e6 3. Nf3 d5 4. cxd5 exd5 5. Bg5 c6 6. Qc2 Qa5+ 7. Bd2 Qb6 8.
Nc3 Nbd7 9. Bf4 Be7 10. e3 Nh5 11. Bg5 Ndf6 12. Bd3 g6 13. O-O O-O 14. Rab1 a5
15. a3 Qd8 16. b4 Ng7 17. b5 Ne6 18. Bh6 Re8 19. bxc6 bxc6 20. Ne5 Qc7 21. f4
Ba6 22. Bxa6 Rxa6 23. f5 Nf8 24. fxg6 Nxg6 25. Nxd5 Nxd5 26. Rxf7 Qxe5 27. dxe5
Kxf7 28. Qf5+ Kg8 29. Qe6+ Kh8 30. Qf7 Rg8 31. Rb8 Bf8 32. Bxf8 Nxf8 33. Rxf8
Ra8 34. Qxg8# 1-0

[Event "BL 8788 Sindelfingen-Porz"]
[Site "?"]
[Date "1988.??.??"]
[Round "?.7"]
[White "Garcia Palermo, C."]
[Black "Sieglen, J."]
[Result "1/2-1/2"]
[WhiteElo "2520"]
[BlackElo "2350"]
[PlyCount "68"]
[EventDate "1988.??.??"]

1. d4 Nf6 2. Nf3 g6 3. Nc3 d5 4. Bf4 Bg7 5. e3 O-O 6. Be2 c6 7. Ne5 Nbd7 8. Qd2
Nxe5 9. Bxe5 Be6 10. h4 Qa5 11. h5 Rfc8 12. hxg6 hxg6 13. f3 Nd7 14. Bxg7 Kxg7
15. O-O-O Rh8 16. g4 Rxh1 17. Rxh1 Rh8 18. Rxh8 Kxh8 19. b3 Qc7 20. f4 Nf6 21.
g5 Ne8 22. e4 dxe4 23. Nxe4 Kg8 24. Nc5 Ng7 25. Nd3 Qd6 26. Ne5 Nf5 27. c3 Kg7
28. Bf3 f6 29. gxf6+ exf6 30. Nd3 Nh4 31. Be4 Bf5 32. Bxf5 Nxf5 33. Qe2 Qe7 34.
Qxe7+ Nxe7 1/2-1/2

[Event "BL 8788 Sindelfingen-Porz"]
[Site "?"]
[Date "1988.??.??"]
[Round "?.8"]
[White "Bauer, P."]
[Black "Schmidt, B."]
[Result "1/2-1/2"]
[WhiteElo "2300"]
[BlackElo "2325"]
[PlyCount "129"]
[EventDate "1988.??.??"]

1. e4 e6 2. d4 d5 3. Nc3 Bb4 4. e5 c5 5. a3 Ba5 6. Bd2 Nc6 7. Nb5 Nxd4 8. Nxd4
Bxd2+ 9. Qxd2 cxd4 10. Nf3 Qb6 11. Qxd4 Qxd4 12. Nxd4 Bd7 13. f4 Ne7 14. Kd2
Rc8 15. Bd3 Nc6 16. Ke3 Ke7 17. Rhf1 f6 18. Nf3 Be8 19. g4 Bg6 20. f5 exf5 21.
gxf5 Bh5 22. exf6+ Kxf6 23. Kf4 Bxf3 24. Rxf3 Nd4 25. Rf2 Rhe8 26. Rg1 Rc7 27.
Rg4 Re5 28. Rh4 Nxf5 29. Kg4 Rc4+ 30. Bxc4 Re4+ 31. Rf4 Rxf4+ 32. Kxf4 g5+ 33.
Kg4 gxh4 34. Bd3 Ne3+ 35. Kxh4 h6 36. Kg3 Ke5 37. Kf3 d4 38. h3 b6 39. b3 Nd5
40. Kg4 Nf6+ 41. Kf3 Nd5 42. Bh7 Nf6 43. Bg6 Nd5 44. Bd3 Nf6 45. Kg3 Nd5 46.
Kf3 Nf6 47. Bc4 Kf5 48. Bf7 Nd7 49. Bd5 Ne5+ 50. Kg3 d3 51. cxd3 Nxd3 52. Bg8
Nf4 53. Bh7+ Ke5 54. Kg4 Nd5 55. Kh5 Nf4+ 56. Kh4 Nd5 57. Bg6 Nf6 58. Kg3 Nd7
59. Kg4 Nf6+ 60. Kg3 a5 61. a4 Ne4+ 62. Kg4 Nf6+ 63. Kg3 Nd5 64. Kg4 Nf6+ 65.
Kg3 1/2-1/2

[Event "BL 8788 Porz-Zähringen"]
[Site "?"]
[Date "1988.??.??"]
[Round "?.1"]
[White "Raupp, T."]
[Black "Miles, A."]
[Result "0-1"]
[WhiteElo "2300"]
[BlackElo "2585"]
[PlyCount "91"]
[EventDate "1988.??.??"]

1. c4 e5 2. Nc3 Bb4 3. g3 Bxc3 4. bxc3 d6 5. Bg2 Nc6 6. d3 f5 7. f4 Nf6 8. Nh3
O-O 9. O-O e4 10. Nf2 exd3 11. exd3 Qd7 12. Rb1 b6 13. Rb2 Bb7 14. Re2 Rae8 15.
Rfe1 Nd8 16. Rxe8 Rxe8 17. Rxe8+ Qxe8 18. Bxb7 Nxb7 19. Bd2 Kf7 20. Qf3 Nc5 21.
Be3 Ne6 22. h3 Qa4 23. Qe2 g6 24. Nd1 Qc6 25. Qg2 Qxg2+ 26. Kxg2 Ke7 27. Kf3 d5
28. cxd5 Nxd5 29. Bd2 b5 30. c4 Nb6 31. cxb5 Nd4+ 32. Kf2 Nxb5 33. Nc3 Nxc3 34.
Bxc3 Ke6 35. Ke2 Kd5 36. Kd2 Kc5 37. Be5 Nd5 38. Bg7 h5 39. Bf8+ Kb5 40. Bg7
Nb4 41. a3 Nd5 42. h4 Ka4 43. Bd4 a5 44. Bc5 Kb3 45. Bf8 a4 46. Bc5 0-1

[Event "BL 8788 Porz-Zähringen"]
[Site "?"]
[Date "1988.??.??"]
[Round "?.2"]
[White "Schoen, W."]
[Black "Kiefer, G."]
[Result "1-0"]
[WhiteElo "2445"]
[BlackElo "2220"]
[PlyCount "51"]
[EventDate "1988.??.??"]

1. d4 Nf6 2. c4 e6 3. Nc3 Bb4 4. e3 O-O 5. Bd3 d5 6. Nf3 c5 7. O-O cxd4 8. exd4
dxc4 9. Bxc4 b6 10. Bg5 Bb7 11. Qe2 Nbd7 12. Ne5 Bxc3 13. bxc3 Qc7 14. Nxd7
Qxd7 15. Rac1 Rac8 16. Bxf6 gxf6 17. Bd3 Qd5 18. f3 f5 19. Qe3 Rfd8 20. Qg5+
Kh8 21. Qf6+ Kg8 22. g4 fxg4 23. Be4 Qd7 24. Rce1 Bxe4 25. Rxe4 Rxc3 26. d5 1-0

[Event "BL 8788 Porz-Zähringen"]
[Site "?"]
[Date "1988.??.??"]
[Round "?.3"]
[White "Siegel, G."]
[Black "Fleck, J."]
[Result "0-1"]
[WhiteElo "2315"]
[BlackElo "2385"]
[PlyCount "62"]
[EventDate "1988.??.??"]

1. c4 f5 2. g3 Nf6 3. Bg2 g6 4. d4 Bg7 5. Nh3 O-O 6. Nc3 d6 7. d5 Na6 8. Nf4
Nc5 9. O-O e5 10. dxe6 c6 11. Qd2 g5 12. Nh3 h6 13. Rd1 Bxe6 14. Qxd6 Qxd6 15.
Rxd6 Bxc4 16. Be3 Nce4 17. Nxe4 Nxe4 18. Rd7 Rf7 19. Rad1 Bxa2 20. Rxf7 Bxf7
21. Rd7 b5 22. Rc7 Bd5 23. f3 Nd6 24. b4 a5 25. bxa5 Rxa5 26. Bc5 Bf8 27. Bd4
b4 28. Rd7 Nb5 29. Be5 Bc5+ 30. Kf1 Bd4 31. Bxd4 Nxd4 0-1

[Event "BL 8788 Porz-Zähringen"]
[Site "?"]
[Date "1988.??.??"]
[Round "?.4"]
[White "Schulz, K."]
[Black "Weindl, A."]
[Result "1-0"]
[WhiteElo "2405"]
[BlackElo "2295"]
[PlyCount "93"]
[EventDate "1988.??.??"]

1. Nf3 Nf6 2. c4 g6 3. g3 Bg7 4. Bg2 O-O 5. O-O d6 6. d4 Nbd7 7. Nc3 e5 8. e4
a6 9. Re1 c6 10. h3 b5 11. d5 cxd5 12. cxd5 Ne8 13. b4 Nb6 14. a4 Bd7 15. axb5
axb5 16. Rxa8 Qxa8 17. Bf1 Nc7 18. Qb3 Rc8 19. Re2 Na4 20. Rc2 f5 21. Ng5 Bh6
22. Nd1 Bxg5 23. Bxg5 fxe4 24. Ne3 Nb6 25. Be7 Ne8 26. Rc6 Bxc6 27. dxc6+ Kg7
28. Bxb5 Rc7 29. Bh4 Qc8 30. g4 Rf7 31. Qc2 Nc7 32. Bf1 Ne6 33. Qxe4 Nd4 34.
Bg2 Qc7 35. Bg3 Ne2+ 36. Kh2 Nxg3 37. fxg3 d5 38. Nxd5 Nxd5 39. Qxd5 Rf2 40. b5
Rb2 41. Qc5 Kf7 42. Qc3 Rf2 43. h4 h5 44. gxh5 gxh5 45. Qe1 Rf6 46. Qe3 Qd6 47.
b6 1-0

[Event "BL 8788 Porz-Zähringen"]
[Site "?"]
[Date "1988.??.??"]
[Round "?.5"]
[White "Vatter, H."]
[Black "Heinbuch, D."]
[Result "1-0"]
[WhiteElo "2270"]
[BlackElo "2380"]
[PlyCount "109"]
[EventDate "1988.??.??"]

1. e4 c5 2. Nf3 Nc6 3. c3 d5 4. exd5 Qxd5 5. d4 e6 6. Na3 Nf6 7. Bd3 cxd4 8.
Nb5 Qd8 9. Nbxd4 Nxd4 10. Nxd4 Bc5 11. O-O O-O 12. Nb3 Be7 13. Bg5 b6 14. Qf3
Qd5 15. Qxd5 Nxd5 16. Bxe7 Nxe7 17. Be4 Rb8 18. Rfd1 e5 19. Rd6 Be6 20. Rad1 g6
21. Nc1 Nf5 22. R6d2 Rfe8 23. Bd5 Bxd5 24. Rxd5 Rb7 25. Kf1 f6 26. Ke2 Ree7 27.
Nb3 Nh6 28. Nd2 Nf7 29. Ne4 Kg7 30. a4 f5 31. Nd6 Nxd6 32. Rxd6 Kf7 33. R1d5
Rbc7 34. a5 bxa5 35. Rxa5 Re6 36. Rda6 Rxa6 37. Rxa6 Ke7 38. Kd3 Rd7+ 39. Kc2
Kd8 40. b4 e4 41. g3 Kc8 42. h4 Rf7 43. Kd2 Rd7+ 44. Kc2 Rf7 45. b5 Kb8 46. Re6
Rd7 47. h5 gxh5 48. Rf6 Rd5 49. c4 Re5 50. Kd2 e3+ 51. fxe3 Re4 52. Kd3 h4 53.
Rxf5 Rg4 54. gxh4 Rxh4 55. Rf7 1-0

[Event "BL 8788 Porz-Zähringen"]
[Site "?"]
[Date "1988.??.??"]
[Round "?.6"]
[White "Gerusel, M."]
[Black "Heim, B."]
[Result "0-1"]
[WhiteElo "2380"]
[BlackElo "2215"]
[PlyCount "74"]
[EventDate "1988.??.??"]

1. d4 Nf6 2. c4 g6 3. Nc3 Bg7 4. e4 d6 5. h3 O-O 6. Be3 e5 7. d5 Na6 8. Bd3 Nc5
9. Bc2 a5 10. g4 c6 11. a3 cxd5 12. cxd5 Bd7 13. b4 axb4 14. axb4 Na6 15. Rb1
Rc8 16. Nge2 h5 17. f3 Nh7 18. Qd2 Qh4+ 19. Bf2 Qf6 20. Qd3 b5 21. Bd1 Rc4 22.
Na2 Bh6 23. gxh5 Kh8 24. h4 g5 25. hxg5 Nxg5 26. Ng1 Rg8 27. Be2 Rcc8 28. Qa3
Ra8 29. Qb2 Nh7 30. Nh3 Rg2 31. Kf1 Rag8 32. Qa3 Bxh3 33. Ke1 Rxf2 34. Rxh3
Rxe2+ 35. Kxe2 Qg5 36. f4 Qg2+ 37. Kd1 Qf1+ 0-1

[Event "BL 8788 Porz-Zähringen"]
[Site "?"]
[Date "1988.??.??"]
[Round "?.7"]
[White "Fehling, M."]
[Black "Garcia Palermo, C."]
[Result "1/2-1/2"]
[WhiteElo "2245"]
[BlackElo "2520"]
[PlyCount "87"]
[EventDate "1988.??.??"]

1. e4 c5 2. Nf3 Nf6 3. Nc3 e6 4. d4 d5 5. exd5 Nxd5 6. Nxd5 Qxd5 7. Be3 cxd4 8.
Qxd4 Qa5+ 9. Qd2 Bb4 10. c3 Be7 11. Bd3 Nc6 12. O-O O-O 13. Rfe1 Rd8 14. Qc2 g6
15. Nd4 Bd7 16. Nb3 Qc7 17. Rad1 Ne5 18. Be2 Nc4 19. Bd4 Ba4 20. Qc1 e5 21.
Bxc4 exd4 22. Rxd4 Rxd4 23. Nxd4 Bd6 24. b3 Bxh2+ 25. Kh1 Bf4 26. Qa3 Be8 27.
Qe7 Qxe7 28. Rxe7 Bd2 29. Nb5 Bxb5 30. Bxb5 Bxc3 31. Rxb7 Bd4 32. Bc4 Rf8 33.
Kg1 Kg7 34. g3 h5 35. b4 g5 36. Kg2 Kg6 37. a4 f5 38. Rd7 Bb6 39. a5 Rd8 40.
Bf7+ Kf6 41. Rb7 Bd4 42. Bxh5 Rc8 43. Rd7 Rc4 {Rest unleserlich; Remis nach 50
Zügen.} 44. Be8 1/2-1/2

[Event "BL 8788 Wattenscheid-Sindelfingen"]
[Site "?"]
[Date "1988.??.??"]
[Round "?.2"]
[White "Sandkamp, R."]
[Black "Fahnenschmidt, G."]
[Result "0-1"]
[WhiteElo "2250"]
[BlackElo "2335"]
[PlyCount "102"]
[EventDate "1988.??.??"]

1. e4 c5 2. Nf3 Nf6 3. e5 Nd5 4. d4 cxd4 5. Qxd4 e6 6. c4 Nc6 7. Qe4 f5 8. Qe2
Bb4+ 9. Bd2 Nf4 10. Qe3 Ng6 11. Nc3 O-O 12. O-O-O a6 13. Bd3 Ba5 14. Ne2 Qc7
15. Bxa5 Qxa5 16. Nc3 Ncxe5 17. Nxe5 Qxe5 18. Qxe5 Nxe5 19. c5 b6 20. cxb6 Rb8
21. Na4 Bb7 22. f3 Bc6 23. Nc5 Rxb6 24. Rhe1 Nxd3+ 25. Rxd3 Rc8 26. Rc3 Kf7 27.
Re2 Ke7 28. f4 Bd5 29. Kb1 Rbc6 30. Na4 Be4+ 31. Kc1 d5 32. Rxc6 Rxc6+ 33. Kd1
e5 34. Nc3 Ke6 35. fxe5 Kxe5 36. Ke1 d4 37. Nd1 Rc1 38. Rd2 d3 39. Kf2 Rc2 40.
Ke1 Kd4 41. g3 g5 42. Nc3 Rc1+ 43. Kf2 Rh1 44. h4 gxh4 45. gxh4 Rh2+ 46. Ke1
Rxh4 47. Rf2 Rh1+ 48. Kd2 h5 49. Nd1 h4 50. Ne3 h3 51. Nxf5+ Bxf5 0-1

[Event "BL 8788 Wattenscheid-Sindelfingen"]
[Site "?"]
[Date "1988.??.??"]
[Round "?.5"]
[White "Runau, R."]
[Black "Franke, J."]
[Result "1/2-1/2"]
[WhiteElo "2335"]
[BlackElo "2220"]
[PlyCount "140"]
[EventDate "1988.??.??"]

1. d4 Nf6 2. Nc3 d5 3. Bg5 g6 4. Bxf6 exf6 5. e3 c6 6. Qf3 Bg7 7. Bd3 h5 8. h3
Qd6 9. Nge2 f5 10. O-O-O Be6 11. Nf4 Nd7 12. Nxe6 Qxe6 13. Ne2 Nf6 14. Nf4 Qd6
15. Kb1 Bh6 16. g3 Bxf4 17. gxf4 Qe6 18. Rc1 b5 19. Rce1 O-O-O 20. Qe2 Qd6 21.
Qd2 Kb7 22. Qa5 Qc7 23. Qxc7+ Kxc7 24. c3 Rb8 25. Kc2 Rhe8 26. Ra1 Nd7 27. Kd2
Nb6 28. b3 Kd6 29. Rac1 a6 30. Rc2 c5 31. dxc5+ Kxc5 32. Rd1 Nd7 33. Kc1 Nf6
34. Rcd2 Re6 35. Kb2 Rd8 36. Bc2 Red6 37. Rd4 h4 38. a4 Ne4 39. Rf1 Kc6 40. Bd3
Nc5 41. axb5+ axb5 42. Ra1 R6d7 43. Be2 Rb8 44. Bf3 Ne4 45. Bxe4 fxe4 46. Ra6+
Rb6 47. Ra8 Kc5 48. Rd1 Rbb7 49. Rda1 b4 50. R1a5+ Kc6 51. R5a6+ Kc7 52. Rh8
Rd6 53. Rc8+ Kd7 54. Rd8+ Kxd8 55. Rxd6+ Rd7 56. Rb6 bxc3+ 57. Kxc3 Rc7+ 58.
Kd4 Rc2 59. Kxd5 Rxf2 60. Rb7 Ke8 61. Kd6 Kf8 62. Ke5 Rf3 63. Kf6 Kg8 64. Rxf7
Rxe3 65. Re7 Rxb3 66. Kxg6 Rg3+ 67. Kf6 e3 68. Re8+ Kh7 69. Re7+ Kg8 70. Re8+
Kh7 1/2-1/2

[Event "BL 8788 Wattenscheid-Sindelfingen"]
[Site "?"]
[Date "1988.??.??"]
[Round "?.7"]
[White "Sieglen, J."]
[Black "Hirsch, S."]
[Result "1/2-1/2"]
[WhiteElo "2350"]
[BlackElo "2240"]
[PlyCount "41"]
[EventDate "1988.??.??"]

1. d4 Nf6 2. c4 g6 3. Nc3 Bg7 4. e4 d6 5. f4 O-O 6. Nf3 c5 7. d5 e6 8. Be2 exd5
9. cxd5 Re8 10. e5 dxe5 11. fxe5 Ng4 12. Bg5 Qb6 13. O-O Nxe5 14. d6 Qxb2 15.
Rc1 Nxf3+ 16. Bxf3 Bxc3 17. Bd5 Bd4+ 18. Kh1 Bf5 19. Rxf5 gxf5 20. Rb1 Qc3 21.
Rc1 1/2-1/2

[Event "BL 8788 Zähringen-Wattenscheid"]
[Site "?"]
[Date "1988.??.??"]
[Round "?.2"]
[White "Schuh, H."]
[Black "Sandkamp, R."]
[Result "1/2-1/2"]
[WhiteElo "2320"]
[BlackElo "2250"]
[PlyCount "85"]
[EventDate "1988.??.??"]

1. d4 Nf6 2. c4 g6 3. Nc3 Bg7 4. e4 d6 5. Be2 O-O 6. Bg5 c5 7. d5 e6 8. Nf3
exd5 9. exd5 h6 10. Bf4 Nh5 11. Be3 f5 12. O-O Nd7 13. Re1 a6 14. a3 b6 15. Rc1
Ra7 16. b4 Kh7 17. Na4 Re8 18. Qc2 Ndf6 19. Rb1 Rae7 20. Bd3 Ng4 21. Bd2 Nhf6
22. bxc5 bxc5 23. Rxe7 Rxe7 24. h3 Ne5 25. Nxe5 Rxe5 26. Nb6 Bb7 27. Bc3 Re8
28. Qb2 Nh5 29. Bxg7 Nxg7 30. Kf1 Nh5 31. Qc2 Qg5 32. Be2 Nf6 33. Bf3 Qf4 34.
Qc3 Qh2 35. g3 Ne4 36. Bxe4 Rxe4 37. Qf3 Qxh3+ 38. Kg1 Kg7 39. Qc3+ Rd4 40. Qe3
Re4 41. Qc3+ Rd4 42. Qe3 Re4 43. Qc3+ 1/2-1/2

[Event "BL 8788 Zähringen-Wattenscheid"]
[Site "?"]
[Date "1988.??.??"]
[Round "?.5"]
[White "Franke, J."]
[Black "Vatter, H."]
[Result "1/2-1/2"]
[WhiteElo "2220"]
[BlackElo "2270"]
[PlyCount "33"]
[EventDate "1988.??.??"]

1. e4 c5 2. Nc3 Nc6 3. g3 g6 4. Bg2 Bg7 5. d3 d6 6. Be3 e6 7. Qd2 Qa5 8. f4
Nge7 9. Nf3 Nd4 10. O-O Rb8 11. Qf2 Nec6 12. e5 dxe5 13. Nxe5 Nxe5 14. fxe5 O-O
15. Ne4 b6 16. Nf6+ Kh8 17. g4 1/2-1/2

[Event "BL 8788 Zähringen-Wattenscheid"]
[Site "?"]
[Date "1988.??.??"]
[Round "?.7"]
[White "Hirsch, S."]
[Black "Fehling, M."]
[Result "0-1"]
[WhiteElo "2240"]
[BlackElo "2245"]
[PlyCount "140"]
[EventDate "1988.??.??"]

1. e4 c5 2. Nf3 d6 3. d4 cxd4 4. Nxd4 Nf6 5. Nc3 g6 6. g3 Nc6 7. Bg2 Nxd4 8.
Qxd4 Bg7 9. O-O O-O 10. a4 Be6 11. Qb4 Qc7 12. Re1 Nd7 13. Nd5 Bxd5 14. exd5
Rfe8 15. c3 Ne5 16. Qe4 Qc4 17. Qxc4 Nxc4 18. Re4 Ne5 19. Bf1 Nd7 20. Bb5 Rad8
21. a5 a6 22. Bxd7 Rxd7 23. Be3 e6 24. dxe6 fxe6 25. f4 d5 26. Rd1 Kf7 27. Bb6
Rc8 28. Re2 Rc4 29. Kg2 Rd6 30. Kf3 Rdc6 31. Ke3 Re4+ 32. Kd3 Rec4 33. Ke3 Ra4
34. Kd3 h5 35. Kc2 Rac4 36. Kb3 Bf6 37. Rd3 Be7 38. Rd4 Bc5 39. Bxc5 R6xc5 40.
Rxc4 Rxc4 41. Rc2 Kf6 42. Ka3 Kf5 43. b3 Rc6 44. c4 dxc4 45. bxc4 Kg4 46. Kb4
h4 47. gxh4 Kxf4 48. Rg2 e5 49. Kc3 e4 50. Rf2+ Ke3 51. Rg2 Kf3 52. Rg3+ Kf4
53. Rg1 e3 54. Kd3 Rd6+ 55. Ke2 Rd2+ 56. Ke1 Ra2 57. Rxg6 Rxa5 58. Rg7 Ra1+ 59.
Ke2 Ra2+ 60. Ke1 b6 61. Rg6 Rb2 62. h5 a5 63. h6 a4 64. h7 Rxh2 65. Rxb6 Rxh7
66. c5 a3 67. Rf6+ Ke4 68. Re6+ Kd4 69. Ke2 Rh2+ 70. Kf1 a2 0-1